| 000 | 01260nam a22003134a 4500 | ||
|---|---|---|---|
| 001 | ebr10067241 | ||
| 003 | CaPaEBR | ||
| 006 | m u | ||
| 007 | cr cn||||||||| | ||
| 008 | 020715s2003 nyu sb 001 0 eng | ||
| 010 | _z 2002028689 | ||
| 020 | _z0306473658 | ||
| 040 |
_aCaPaEBR _cCaPaEBR |
||
| 035 | _a(OCoLC)614680957 | ||
| 050 | 1 | 4 |
_aHV6594.2 _b.M67 2003eb |
| 082 | 0 | 4 |
_a362.88 _221 |
| 100 | 1 |
_aMorewitz, Stephen John, _d1954- |
|
| 245 | 1 | 0 |
_aStalking and violence _h[electronic resource] : _bnew patterns of trauma and obsession / _cStephen J. Morewitz. |
| 260 |
_aNew York : _bKluwer Academic/Plenum Publishers, _cc2003. |
||
| 300 | _axiii, 150 p. | ||
| 504 | _aIncludes bibliographical references (p. 127-132) and index. | ||
| 533 |
_aElectronic reproduction. _bPalo Alto, Calif. : _cebrary, _d2013. _nAvailable via World Wide Web. _nAccess may be limited to ebrary affiliated libraries. |
||
| 650 | 0 |
_aStalking _zUnited States. |
|
| 650 | 0 |
_aStalkers _zUnited States _xPsychology. |
|
| 650 | 0 |
_aStalking victims _zUnited States. |
|
| 655 | 7 |
_aElectronic books. _2local |
|
| 710 | 2 | _aebrary, Inc. | |
| 856 | 4 | 0 |
_uhttp://site.ebrary.com/lib/rucke/Doc?id=10067241 _zAn electronic book accessible through the World Wide Web; click to view |
| 999 |
_c48995 _d48995 |
||